000
00298nam a2200121Ia 4500
100
_a
Russel S/ Norvig P
942
_c
RB
654
_a
artificial
245
_a
Artificial intelligence : A Modern approach
260
_b
Prentice Hall
_a
New Jersey
_c
1995
082
_a
6.3
_b
PAN
546
_a
ENGLISH
999
_c
19814
_d
19814